| 000 | 00555nam a22001935i 4500 | ||
|---|---|---|---|
| 001 | 81446 | ||
| 003 | ES-MaACL | ||
| 005 | 20230906174435.0 | ||
| 007 | t| | ||
| 008 | 041104s1967 sp ||||0| spa d | ||
| 040 |
_aM-BN _bspa _cM-BN |
||
| 100 | 1 |
_aHugonnier, René. _964631 |
|
| 245 | 1 | 0 |
_aFormar jefes / _cpor René Hugonnier ; [traducido por J. Miguel Fernández]. |
| 260 |
_aMadrid : _bParaninfo, _c1967. |
||
| 300 |
_a155 p. ; _c22 cm. |
||
| 700 | 1 |
_aFernández, J. Miguel. _949375 |
|
| 852 |
_aES-MaACL _jC-32792 _bR.63435 |
||
| 999 |
_c81446 _d81446 |
||